• 首页
  • 本馆介绍
  • 公告通知
  • 最新文献
  • 馆藏检索
  • 电子资源
  • 读者导购
  • 参考咨询
  • 我的图书馆
  • 登录
  • 详细信息显示
  • 放入我的书架
  • 预约/预借图书
  • 作者相关作品
  • 分类相关作品
  • 丛书相关作品
  • 出版社相关作品

书目信息

  • 表格格式
  • 工作单格式
  • 卡片格式
题名:
成本会计学
    
 
作者: 布罗克 , Brock 著 ;上海财经学院会计学系 译
分册:  
出版信息: 上海   上海人民出版社  1982
页数: 400页
开本: 19cm
丛书名:
单 册:
中图分类: F234.2
科图分类:
主题词: 成本会计--理论
电子资源:
ISBN:
000 01008nam0 2200289 45
001 0182008124
005 20060809085709.82
010    @dCNY0.92
091    @aCN@b4074.471
100    @a19950616d1982 em y0chiy0121 ea
101 1  @achi@ceng
102    @aCN@b310000
105    @ay zz 000yy
200 10 @a成本会计学@Acheng ben kuai ji xue@e原理及应用@f(美)布罗克(H.R. Brock)等著@F(mei)bu luo ke(H.R.Brock)deng zhu@g上海财经学院会计学系《会计译丛》小组译
210    @a上海@c上海人民出版社@d1982
215    @a400页@d19cm
300    @a书名原文:Cost Accounting Principles and Applications
510 1  @aCost Accounting Principles and Applications@zeng
517 1  @a原理及应用@Ayuan li ji ying yong
606    @a成本会计@x理论
690    @aF234.2@v3
701  1 @a布罗克@Abu luo ke@bH.R.@4著
701 A1 @aBrock@bH.R.@4著
712 02 @a上海财经学院会计学系@Ashang hai cai jing xue yuan kuai ji xue xi@4译
801  0 @aCN@bTSSF@c20060809
801  2 @aCN@bNLC@c20060808
905    @a10447@dF234.2@e177
    
    成本会计学:原理及应用/(美)布罗克(H.R. Brock)等著/上海财经学院会计学系《会计译丛》小组译.-上海:上海人民出版社,1982
    400页;19cm
    书名原文:Cost Accounting Principles and Applications
    
    ISBN :CNY0.92
    
●
相关链接 在E读中查询图书 在五车中查询图书 在当当中查询图书 在豆瓣中查询图书


正题名:成本会计学     索取号:F234.2/177         预约/预借

序号 登录号 条形码 馆藏地/架位号 状态 备注
1 0447601   204476012   密集书库/ [索取号:F234.2/177] 在馆    
2 0447602   204476021   密集书库/ [索取号:F234.2/177] 在馆    
3 0448215   204482158   密集书库/ [索取号:F234.2/177] 在馆    
4 0448216   204482167   密集书库/ [索取号:F234.2/177] 在馆    
5 0448217   204482176   密集书库/ [索取号:F234.2/177] 在馆    
6 0449936   204499364   密集书库/ [索取号:F234.2/177] 在馆    
唐山师范学院图书馆 欢迎您!
大连网信软件有限公司© 版权所有